Language and christian belief

Uloženo v:
Podrobná bibliografie
Hlavní autor: Wilson, John
Médium: Kniha
Jazyk:angličtina
Vydáno: Macmillan. 1958.
Témata:
Tagy: Přidat tag
Žádné tagy, Buďte první, kdo vytvoří štítek k tomuto záznamu!

MARC

LEADER 00000nam a22000005a 4500
001 8644
003 CL-ChBUA
005 20120815103124.0
008 070301s1958 xxu 000 0 eng
040 |a CL-ChBUA  |c CL-ChBUA 
082 0 0 |a 201 
090 |c 8644  |d 8644 
100 1 |a Wilson, John. 
245 1 0 |a Language and christian belief 
260 |b Macmillan.  |c 1958. 
300 |a 135 p.  |c 18 cm. 
504 |a Indice. 
650 4 |a RELIGION - FILOSOFIA. 
942 |c LIB 
952 |0 0  |1 0  |4 0  |7 0  |9 12929  |a UNACH  |b UNACH  |c 200  |d 2007-03-05  |i 16.819.  |l 0  |o 201 / W 749.  |p 13928  |r 2012-12-27 00:00:00  |u 12929  |w 2012-08-08  |y LIB  |k 201 / W 749. 
999 |c 8644  |d 8644